书目信息 |
| 题名: |
洪灵菲选集
|
|
| 作者: | 洪灵菲 著 | |
| 分册: | ||
| 出版信息: | 北京 人民文学出版社 1982 |
|
| 页数: | 282页 | |
| 开本: | 21cm | |
| 丛书名: | ||
| 单 册: | ||
| 中图分类: | I246.7 , I211 | |
| 科图分类: | ||
| 主题词: | 短篇小说--中国--现代--选集 , 文学--作品集--中国 | |
| 电子资源: | ||
| ISBN: | ||
| 000 | 00630nam0 2200241 450 | |
| 001 | 1555304769 | |
| 005 | 20150120152205.89 | |
| 010 | @dCNY0.91 | |
| 091 | @a10019.3239 | |
| 100 | @a19950523d1982 em y0chiy0110 ea | |
| 101 | 0 | @achi |
| 102 | @aCN@b110000 | |
| 105 | @ay z 000ay | |
| 200 | 1 | @a洪灵菲选集@9hong ling fei xuan ji@f洪灵菲著 |
| 210 | @a北京@c人民文学出版社@d1982 | |
| 215 | @a282页@d21cm | |
| 606 | 0 | @a短篇小说@y中国@z现代@x选集 |
| 606 | 0 | @a文学@x作品集@x中国 |
| 690 | @aI246.7@v5 | |
| 690 | @aI211@v4 | |
| 701 | 0 | @a洪灵菲@9hong ling fei@4著 |
| 801 | 0 | @aCN@bTSSF@c20150120 |
| 905 | @aZUCC@dI211@eJY287 | |
| 洪灵菲选集/洪灵菲著.-北京:人民文学出版社,1982 |
| 282页;21cm |
| ISBN :CNY0.91 |
| ● |
| 相关链接 |
|
|
|
|
正题名:洪灵菲选集
索取号:I211/JY287
 
预约/预借
| 序号 | 登录号 | 条形码 | 馆藏地/架位号 | 状态 | 备注 |
| 1 | 7835834 | 278358340 | 学院路分馆/ [索取号:I211/JY287] | 在馆 |